personalité des Vosges - Statistiques

Statistiques générales
  • Ce quiz a été pris 112 fois
  • Le résultat moyen est 3 sur 8
Statistiques - réponses
Par images Réponse % Correct
jeanne d'arc
90%
Ségoléne Royal
82%
jules Ferry
68%
Philippe Séguin
23%
Christian Poncelet
20%
Emile Durkheim
15%
Claude gellée
11%
louis lapicque
2%
Aucun quiz correspondant
Distribution des résultats
% des personnes avec chaque résultat
Percentile par nombre de réponses
Votre historique - résultats
Vous n’avez pas pris ce quiz